|
|
|
|
| LEADER |
00000nab a2200000Ia 4500 |
| 001 |
vtls010704663 |
| 003 |
SK-MaSNL |
| 005 |
20260311224925.0 |
| 008 |
250709|1971 xo |||||||||||||||||slo| |
| 035 |
|
|
|a (urnnbn)urn:nbn:sk:snk:ar-a03ydp
|
| 035 |
|
|
|a (uuid)71e3bc2a-3340-44fd-8d86-d0a716a715fd
|
| 035 |
|
|
|a urn:nbn:sk:snk-ab39e3
|
| 040 |
|
|
|a SNKBUCL
|b slo
|c SNKBUCL
|e AACR2
|
| 041 |
0 |
|
|a slo
|
| 044 |
|
|
|a xo
|c SK
|
| 080 |
|
|
|a 631.11
|2 2001
|
| 080 |
|
|
|a 336
|2 2001
|
| 100 |
1 |
|
|a Vlachynský, Karol,
|d 1929-
|4 aut
|9 253308
|
| 245 |
1 |
0 |
|a FINANCIE POĽNOHOSPODÁRSKYCH PODNIKOV V ČSSR
|c K. Vlachynský, V. Přibyl, Gustáv Thomas
|
| 650 |
0 |
7 |
|a poľnohospodárske podniky
|2 SNKPH
|9 4194
|
| 650 |
0 |
7 |
|a financie
|2 SNKPH
|9 2205
|
| 650 |
0 |
7 |
|a finančné vzťahy
|2 snkbucl
|9 162442
|
| 651 |
|
7 |
|a Československo
|2 SNKPH
|9 21376
|
| 655 |
|
7 |
|a recenzie
|2 snkbucl
|9 21907
|
| 700 |
1 |
|
|a Přibyl, V.
|4 aut
|9 666306
|
| 700 |
1 |
|
|a Thomas, Gustáv,
|d 1925-
|4 aut
|9 193040
|
| 773 |
0 |
|
|t Finančné štúdie : časopis pre otázky finančnej teórie a hospodárskej politiky
|g Roč. 4, č. 2 (1971), s. 91-94
|
| 787 |
0 |
8 |
|i Rec.:
|t FINANCIE POĽNOHOSPODÁRSKYCH PODNIKOV V ČSSR
|d Bratislava : Vydavateľstvo pôdohospodárskej literatúry, 1970
|
| 850 |
|
|
|a Slovenská národná knižnica
|
| 852 |
|
|
|a Slovenská národná knižnica
|
| 954 |
|
|
|a odborná, vedecká literatúra pôvodná (slovenská)
|2 lita
|
| 958 |
|
|
|a article1
|
| 958 |
|
|
|a OND
|
| 958 |
|
|
|a EUIPO
|
| 999 |
|
|
|c 3263307
|d 3265237
|